00808cam a22002531 4500001001300000003000400013005001700017008004100034010001700075025001900092040001800111050001900129082001800148100001700166245007000183260004600253300001900299350001200318500003600330500009300366504003000459600004800489999001700537sa 68006733 DLC20260227112518.0711108s1967 pk b 000 0beng  asa 68006733  aPL480:P-E-1242 aDLCcDLCdDLC00aPK6451.A62bZ800a891.5/5/11aB1 aNasim, K. B.14aThe life and works of Hakim Auhad-ud-Din Anwari,cby K. B. Nasim. aLahore,bUniversity of the Punjabc[1967] a376 p.c25 cm. aRs12.00 aIncludes quotations in Persian. a"Thesis submitted and approved for the degree of Ph.D. at the University of Manchester." aBibliography: p. 347-359.10aAnvarī, Awḥad al-Dīn,d-1189 or 1190. c81487d81487